000 00843nam a22002291a 4500
001 57123
003 BD-RjUL
005 20211209080454.0
008 161206s1971 bg a b 000 0 ben
035 _a(BD-RjUL)57247
040 _aDLC
_cOClU
_dBD-RjUL
_beng
041 _aeng
082 0 0 _a297
_bKAI 1971
_223
100 1 _aকরীম, মুহম্মদ নুরুল
_98378
245 1 0 _aইসলামী আদর্শবাদের সংক্ষিপ্ত মর্মকথা /
_cমুহম্মদ নুরুল করীম
250 _a২য় সং.
260 _aঢাকা :
_bআবু দাউদ এন্ড ব্রাদার্স,
_c১্৯৭১.
300 _a১৫২ পৃ. ;
_c২।৩ সেমি.
650 0 _aইসলাম
_98216
650 0 _aIslam
_98379
942 _2ddc
_cBK
999 _c57123
_d57123